| 000 | 00350nam a22001457a 4500 | ||
|---|---|---|---|
| 020 | _a0898714540 | ||
| 082 | _a512.5 MEY | ||
| 100 | _aMeyer, Carl D. | ||
| 245 | _aMatrix analysis and applied linear algebra (Solution Manual) | ||
| 260 |
_aUSA _bSiam _c2000 |
||
| 300 | _a171 p. | ||
| 500 | _aIncludes index | ||
| 650 | _aLinear Algebra | ||
| 942 | _cBK | ||
| 999 |
_c13074 _d13074 |
||